000 00400nam a22001457a 4500
005 20150416104440.0
008 150416b xxu||||| |||| 00| 0 eng d
040 _cPK-LaUMT
082 _aKHC 297.95491
_bAHM-I
100 _aAhmad Husain Ahmad
245 _aIslam and ulema of Punjab
_cAhmad Husian Ahmad
260 _aGujrat
_bThe centre for Islamic research
_c1985
300 _a148 p.
942 _cBK
999 _c69955
_d69955